000
00291 a2200145 4500
001
180614
020
_a
040
_c
Magnum
100
_a
Buss, Alcides
240
1
0
_a
A poesia do abc
_l
por
245
1
0
_a
A poesia do abc
362
0
_a
1899
697
_a
MAGNITO: IJ/POESIA
942
_c
BK
999
_c
180614
_d
180614